000 00656nam a22002177a 4500
003 OSt
005 20251215102352.0
008 251215b |||||||| |||| 00| 0 eng d
020 _a9781398839519
040 _cHS LRC
050 _aBL 900
_b.S832 2024
100 _aStephens, James
_964643
245 _aCeltic myths :
_blegendary tales of gods and heroes /
_cJames Stephens & Joseph Jacobs.
260 _aLondon :
_bArcturus,
_cc2024.
265 _aFFB
300 _a160 pages :
_bcolor illustrations ;
_c24 cm.
365 _b1,266.00
650 _aMythology, Celtic
_xJuvenile literature
_9131117
700 _aJacobs, Joseph
_9131118
942 _2lcc
_cBK
999 _c93848
_d93848